000 00733nam a2200241Ia 4500
003 OSt
005 20220926021011.0
006 a|||||r|||| 00| 0
007 ta
008 220923b |||||||| |||| 00| 0 eng d
037 _cGeneral Book
040 _aRTL
_cRTL
_beng
041 _2eng
_aeng
082 _aX:991:(B), M8
100 _aKregel J A and others
_9325555
245 0 _aBarriers to full employment
260 _aNew York
_bSt. Martin's Press
_c1988
300 _aviii,362p
_ccm.
500 _aInternational Institute of Management of Missenschafts-Zentrum of Berlin
650 _aLabour Market Economics
942 _hX:991:(B), M8
_cGB
_2CC
999 _c635439
_d635439